| 000 | 00588nam a22001937a 4500 | ||
|---|---|---|---|
| 003 | UA-OsUOA | ||
| 001 | 48308 | ||
| 007 | ta | ||
| 008 | 20130123b un ||||| |||| 00| 0 ukr d | ||
| 090 |
_a09.-050 _bВ55 |
||
| 942 | _cMG | ||
| 040 |
_aUA-OsUOA _bukr _cUA-OsUOA _dUA-OsUOA |
||
| 245 |
_aВісник: орган Організації оборони чотирьох свобід України _b1947: № 2, 7, 8, 9, 10; 1948: № 12; 1949: № 4, 5-6, 11-12; |
||
| 955 | _a4 | ||
| 041 | _aukr | ||
| 080 | _a09.-050 | ||
| 650 | 7 |
_a0 Загальний відділ. _2UDC |
|
| 999 |
_c428408 _d428408 |
||